000 01217nam a2200229Ia 4500
999 _c36735
_d36735
001 2672
003 GE_BSU
005 20260127200516.0
008 181216s1975||||ge |||||||||||||| ||geo||
020 _a9789941412530
040 _cGE_BSU
041 _ageo
080 _a502.3(479.22)+502.1(479.22+330.15(479.22+551.438.5(479.22) ა–45
100 _aალასანია,ნარგიზ
_926742
245 _aბუნებათსარგებლობა და გარემოს მდგრადი განვითარება :
_cნარგიზა ლასანია, ნინო ლომთათიძე, ნუნუ ნაკაშიძე; რედ. თ.ურუშაძე
264 _aბათუმი :
_bშოთა რუსთაველის სახ. უნ–ტი,
_c2011.
300 _a250 გვ.
_b20 სმ.
653 _aბუნებათსარგებლობა და გარემოს მდგრადი განვითარება
700 _aლომთათიძე, ნინო
_eავტორი
_95628
700 _aნაკაშიძე, ნუნუ
_eავტორი
_926743
942 _cBK
_2udc